La Iglesia, misterio de salvación en la "Lumen gentium". (Record no. 82817)

MARC details
000 -LEADER
campo de control de longitud fija 00618nam a2200181 i 4500
001 - NÚMERO DE CONTROL
campo de control 82817
003 - IDENTIFICADOR DE NÚMERO DE CONTROL
campo de control ES-MaACL
005 - FECHA Y HORA DE LA ÚLTIMA TRANSACCIÓN
campo de control 20230906174733.0
007 - CAMPO FIJO DE DESCRIPCIÓN FÍSICA--INFORMACIÓN GENERAL
campo de control de longitud fija t|
008 - DATOS DE LONGITUD FIJA--INFORMACIÓN GENERAL
campo de control de longitud fija 041112s1966 sp ||||1| spa d
245 03 - MENCIÓN DEL TÍTULO
Título La Iglesia, misterio de salvación en la "Lumen gentium".
260 ## - PUBLICACIÓN, DISTRIBUCIÓN, ETC.
Lugar de publicación, distribución, etc. Bérriz :
Nombre del editor, distribuidor, etc. Angeles de las Misiones ;
Lugar de publicación, distribución, etc. [Bilbao :
Nombre del editor, distribuidor, etc. Editorial Vizcaína],
Fecha de publicación, distribución, etc. 1966.
300 ## - DESCRIPCIÓN FÍSICA
Extensión 180 p. ;
Dimensiones 24 cm.
500 ## - NOTA GENERAL
Nota general Precede al tít.: Centro de Estudios Misionológicos de Bérriz.
710 2# - ENTRADA AGREGADA--NOMBRE DE ENTIDAD CORPORATIVA
Nombre de entidad corporativa o nombre de jurisdicción como elemento de entrada Centro de Estudios Misionológicos de Bérriz.
9 (RLIN) 200556
852 ## - LOCALIZACIÓN
Ubicación ES-MaACL
Número de control de estantería C-30245
Sublocalización o colección R.60803
Holdings
Estatus retirado Estado de pérdida Estado de daño No para préstamo Biblioteca de origen Biblioteca actual Ubicación en estantería Fecha de adquisición Fuente de adquisición Total de préstamos Signatura topográfica completa Código de barras Visto por última vez Precio de reemplazo Tipo de ítem Koha
        Biblioteca del Ateneo de Madrid Biblioteca del Ateneo de Madrid Depósito 2 17/01/2008     C-30245 1086550 23/02/2023 23/02/2023 Libro impreso